| 000 | 00796nab a2200253 u 4500 | ||
|---|---|---|---|
| 001 | 10713 | ||
| 003 | HDC | ||
| 007 | cr bn ---aaaaa | ||
| 008 | 210205c20100202my dr|nes 0 a may d | ||
| 040 | _aHDC | ||
| 245 | 0 | _aMengemas kini ubat-ubatan anda | |
| 260 |
_aKuala Lumpur : _bMedia Mulia Sdn. Bhd., _c2010 |
||
| 336 |
_atext _2rdacontent |
||
| 337 |
_acomputer _2rdamedia |
||
| 338 |
_aonline resource _2rdacarrier |
||
| 650 |
_aHealth supplement _95184 |
||
| 650 |
_aMedicine care _910965 |
||
| 650 |
_aMedicine _97031 |
||
| 710 | _aUtusan Malaysia | ||
| 856 | _zRequest full-text at [email protected] | ||
| 942 | _2lcc | ||
| 942 | _cNEWS | ||
| 942 | _kNWSC 003919 | ||
| 999 |
_c8036 _d8036 |
||